Biobazaar : (رقم التسجيلة. 21391)

تفاصيل مارك
000 -الفاتح
حقل البيانات ثابتة الطول 01702cam a22003854a 4500
001 - رقم الضبط
رقم الضبط 14923153
003 - محدد رقم الضبط
رقم الضبط OSt
005 - وقت وتاريخ اخر تعامل مع التسجيلة
رقم الضبط 20150408114012.0
008 - عناصر البيانات ثابتة الطول - معلومات عامة
حقل البيانات ثابتة الطول 070709s2008 mau b 001 0 eng
010 ## - رقم ضبط مكتبة الكونجرس
رقم ضبط مكتبة الكونجرس 2007028416
016 7# - رقم ضبط الوكاله الوطنية للضبط الببليوجرافي
رقم ضبط التسجيلة 101311398
المصدر DNLM
020 ## - الرقم الدولى المعيارى للكتب
الرقم الدولى المعيارى للكتاب 9780674026353 (hbk.)
020 ## - الرقم الدولى المعيارى للكتب
الرقم الدولى المعيارى للكتاب 0674026357 (hbk.)
035 ## - رقم ضبط النظام
رقم ضبط النظام (OCoLC)ocn154886571
035 ## - رقم ضبط النظام
رقم ضبط النظام (OCoLC)154886571
رقم الضبط الملغى والمتاح (OCoLC)154669145
040 ## - مصدر الفهرسة
وكالة الفهرسة الأصلية DNLM/DLC
وكالة النسخ DLC
وكالة التعديل NLM
-- BAKER
-- BTCTA
-- YDXCP
-- C#P
-- VP@
-- DLC
042 ## - رمز التحقق
رمز التحقق pcc
050 00 - رقم طلب مكتبة الكونجرس
رقم التصنيف K1519.B54
رقم المادة H67 2008
060 10 - رقم الطلب بالمكتبة الطبية الوطنية
رقم التصنيف TP 248.2
رقم المادة H791b 2008
082 00 - رقم تصنيف ديوى العشرى
رقم التصنيف 346.0486
رقم الطبعة 22
100 1# - المدخل الرئيسى - إسم شخصى
الإسم الشخصى Hope, Janet,
التواريخ المصاحبة للاسم 1972-
9 (RLIN) 10488
245 10 - بيان العنوان
العنوان Biobazaar :
بقية العنوان the open source revolution and biotechnology /
بيان المسئوليه,etc Janet Hope.
260 ## - PUBLICATION, DISTRIBUTION, ETC. (IMPRINT)
مكان الناشر او الموزع Cambridge, Mass. :
اسم الناشر او الموزع Harvard University Press,
تاريخ النشر أو التوزيع 2008.
300 ## - الوصف المادى
التعداد 428 p. ;
أبعاد الوعاء 22 cm.
504 ## - تبصرة ببليوجرافية
تبصرة ببليوجرافية,الخ Includes bibliographical references (p. 367-389) and index.
505 0# - تبصرة محتويات-الفهرس
تبصرة المحتويات المصاغة An irresistible analogy -- The trouble with intellectual property in biotechnology -- Intellectual property and innovation -- Welcome to the bazaar -- Open source licensing for biotechnology -- Foundations of the biobazaar -- Financing open source biotechnology -- Biotechnology's open source revolution.
650 #0 - المدخل الاضافى بالموضوع-مصطلح موضوعى
مصطلح موضوعي أو اسم جغرافي كعنصر مدخل Biotechnology
التقسيم الفرعي الشكلي Patents.
9 (RLIN) 10489
650 #0 - المدخل الاضافى بالموضوع-مصطلح موضوعى
مصطلح موضوعي أو اسم جغرافي كعنصر مدخل Technological innovations
التقسيم الفرعي العام Patents.
9 (RLIN) 10490
650 #0 - المدخل الاضافى بالموضوع-مصطلح موضوعى
مصطلح موضوعي أو اسم جغرافي كعنصر مدخل Patent licenses.
9 (RLIN) 10491
650 #0 - المدخل الاضافى بالموضوع-مصطلح موضوعى
مصطلح موضوعي أو اسم جغرافي كعنصر مدخل Biotechnology
التقسيم الفرعي العام Economic aspects.
9 (RLIN) 10492
650 #0 - المدخل الاضافى بالموضوع-مصطلح موضوعى
مصطلح موضوعي أو اسم جغرافي كعنصر مدخل Technological innovations
التقسيم الفرعي العام Economic aspects.
9 (RLIN) 10493
856 41 - الوصول و الموقع الالكترونى
مواد محددة Table of contents only
معرف المصدر الموحد <a href="http://www.loc.gov/catdir/toc/ecip0722/2007028416.html">http://www.loc.gov/catdir/toc/ecip0722/2007028416.html</a>
942 ## - عناصر المدخل الإضافي( كوها)
مصدر التصنيف او مخطط الترفيف Dewey Decimal Classification
Koha [default] item type كتاب
المقتنيات
حالة الفقد نموذج السعر الفعال حالة تلف ليس للاعارة رقم الطلب تاريخ الاكتساب الموقع الحالي الباركود الفرع الرئيسي Date last seen نوع المادة فى نظام كوها مصدر التصنيف او خطة الترفيف Total Checkouts
  2013-03-10     346.0486 H J B 2012-04-10 مكتبة مجمع الطالبات بالمجمعة (EMF) 00076224 مكتبة مجمع الطالبات بالمجمعة (EMF) 2013-03-10 كتاب Dewey Decimal Classification  
  2013-03-10     346.0486 H J B 2012-04-10 مكتبة مجمع الطالبات بالمجمعة (EMF) 00076223 مكتبة مجمع الطالبات بالمجمعة (EMF) 2013-03-10 كتاب Dewey Decimal Classification